| 000 -LEADER |
| fixed length control field |
01138nam a22003497a 4500 |
| 001 - CONTROL NUMBER |
| control field |
297814 |
| 003 - CONTROL NUMBER IDENTIFIER |
| control field |
OSt |
| 005 - DATE AND TIME OF LATEST TRANSACTION |
| control field |
20210423062555.0 |
| 008 - FIXED-LENGTH DATA ELEMENTS--GENERAL INFORMATION |
| fixed length control field |
720526s1972 nyua 000 0 eng |
| 010 ## - LIBRARY OF CONGRESS CONTROL NUMBER |
| LC control number |
72002338 |
| 020 ## - INTERNATIONAL STANDARD BOOK NUMBER |
| International Standard Book Number |
039471833X |
| 040 ## - CATALOGING SOURCE |
| Original cataloging agency |
DLC |
| Transcribing agency |
DLC |
| Modifying agency |
DLC |
| Language of cataloging |
eng |
| 041 1# - LANGUAGE CODE |
| Language code of text/sound track or separate title |
eng |
| Language code of original |
chi |
| 050 10 - LIBRARY OF CONGRESS CALL NUMBER |
| Classification number |
BL1900.L3 |
| Item number |
F46 1972b |
| 080 ## - UNIVERSAL DECIMAL CLASSIFICATION NUMBER |
| Universal Decimal Classification number |
1 |
| Item number |
L-28 |
| 082 00 - DEWEY DECIMAL CLASSIFICATION NUMBER |
| Classification number |
299/.51/482 |
| 100 0# - MAIN ENTRY--PERSONAL NAME |
| Personal name |
Laozi. |
| 240 10 - UNIFORM TITLE |
| Uniform title |
Dao de jing. |
| Language of a work |
English |
| 245 10 - TITLE STATEMENT |
| Title |
Tao te ching |
| Statement of responsibility, etc. |
[by] Lao Tsu. A new translation by Gia-fu Feng and Jane English. Photography by Jane English. Calligraphy by Gia-fu Feng. |
| Remainder of title |
/ by : Vintage Books |
| 250 ## - EDITION STATEMENT |
| Edition statement |
1st edition |
| 260 ## - PUBLICATION, DISTRIBUTION, ETC. |
| Place of publication, distribution, etc. |
New York |
| Name of publisher, distributor, etc. |
Vintage Books |
| Date of publication, distribution, etc. |
1972 |
| 300 ## - PHYSICAL DESCRIPTION |
| Extent |
1 v. (unpaged) 88 p. |
| Other physical details |
illus. |
| Dimensions |
29 cm. |
| 650 #0 - SUBJECT ADDED ENTRY--TOPICAL TERM |
| Topical term or geographic name entry element |
Taoism. |
| 650 #0 - SUBJECT ADDED ENTRY--TOPICAL TERM |
| Topical term or geographic name entry element |
Philosophy |
| 9 (RLIN) |
282 |
| 653 ## - INDEX TERM--UNCONTROLLED |
| Uncontrolled term |
ფილოსოფია |
| 653 ## - INDEX TERM--UNCONTROLLED |
| Uncontrolled term |
ტაოიზმი |
| 700 1# - ADDED ENTRY--PERSONAL NAME |
| Personal name |
Feng, Gia-fu, |
| Relator term |
tr. |
| 700 1# - ADDED ENTRY--PERSONAL NAME |
| Personal name |
English, Jane, |
| Dates associated with a name |
1942- |
| Relator term |
tr. |
| 856 42 - ELECTRONIC LOCATION AND ACCESS |
| Materials specified |
Publisher description |
| Uniform Resource Identifier |
<a href="http://www.loc.gov/catdir/description/random046/72002338.html">http://www.loc.gov/catdir/description/random046/72002338.html</a> |
| 906 ## - LOCAL DATA ELEMENT F, LDF (RLIN) |
| a |
7 |
| b |
cbc |
| c |
orignew |
| d |
1 |
| e |
ocip |
| f |
19 |
| g |
y-gencatlg |
| 942 ## - ADDED ENTRY ELEMENTS (KOHA) |
| Source of classification or shelving scheme |
|
| Koha item type |
Books |
| Edition |
1 |